Physics of the Jovian magnetosphere (Record no. 8277)

MARC details
000 -LEADER
fixed length control field 00637nam a2200205Ia 4500
003 - CONTROL NUMBER IDENTIFIER
control field IN-BaIIA
008 - FIXED-LENGTH DATA ELEMENTS--GENERAL INFORMATION
fixed length control field 211028s9999 xx 000 0 eng d
020 ## - INTERNATIONAL STANDARD BOOK NUMBER
International Standard Book Number 0-521-24558-3
040 ## - CATALOGING SOURCE
Transcribing agency IIA Library
080 ## - UNIVERSAL DECIMAL CLASSIFICATION NUMBER
Universal Decimal Classification number 523.45-425
Item number PHY
100 ## - MAIN ENTRY--PERSONAL NAME
Personal name Dessler, A. J
9 (RLIN) 13883
245 #0 - TITLE STATEMENT
Title Physics of the Jovian magnetosphere
Statement of responsibility, etc. A. J. Dessler
260 ## - PUBLICATION, DISTRIBUTION, ETC.
Place of publication, distribution, etc. Cambridge
Name of publisher, distributor, etc. Cambridge University Press
Date of publication, distribution, etc. 1983
300 ## - PHYSICAL DESCRIPTION
Extent xv, 544p.
650 ## - SUBJECT ADDED ENTRY--TOPICAL TERM
Topical term or geographic name entry element Astronomy and astrophysics thesaurus
650 ## - SUBJECT ADDED ENTRY--TOPICAL TERM
Topical term or geographic name entry element Giant planets
9 (RLIN) 13884
650 ## - SUBJECT ADDED ENTRY--TOPICAL TERM
Topical term or geographic name entry element Jovian planets
9 (RLIN) 13885
650 ## - SUBJECT ADDED ENTRY--TOPICAL TERM
Topical term or geographic name entry element Magnetosphere
9 (RLIN) 3270
942 ## - ADDED ENTRY ELEMENTS (KOHA)
Koha item type Books
Holdings
Withdrawn status Lost status Damaged status Not for loan Home library Current library Shelving location Date acquired Cost, normal purchase price Total Checkouts Full call number Barcode Date last seen Cost, replacement price Price effective from Koha item type Purchase Price
        IIA Library-Bangalore IIA Library-Bangalore General Stacks 16/05/1985 481.95   523.45-425/ PHY 9121 05/11/2021 481.95 16/05/1985 Books Rs. 481.95

Powered by Koha